skbl

Dr Suryya Kumar Bhuyan Library Web-OPAC
ডঃ সূৰ্য্য
কুমাৰ ভূঞা পুথিভঁৰাল ৱেব-অ'পেক

All Research Scholars are advised to clear the annual library fees to continue using Library Resources, Remote Access, Plagiarism Test and Library Clearance.

Cotton University Book Fair 2026

Topological Vector Spaces And Distributions (Record no. 64607)

MARC details
000 -LEADER
fixed length control field 00568nam a2200205Ia 4500
001 - CONTROL NUMBER
control field 63505
008 - FIXED-LENGTH DATA ELEMENTS--GENERAL INFORMATION
fixed length control field 190719n2012 ii |||gr||||Z||||||465
020 ## - INTERNATIONAL STANDARD BOOK NUMBER
International Standard Book Number 13:978-0-486-48850-9
082 ## - DEWEY DECIMAL CLASSIFICATION NUMBER
Classification number 513
100 ## - MAIN ENTRY--PERSONAL NAME
Personal name Horvath, John ,
Relator term Author.
245 #0 - TITLE STATEMENT
Title Topological Vector Spaces And Distributions
Statement of responsibility, etc. By John Horvath
Medium Textual Documents
250 ## - EDITION STATEMENT
Edition statement ist ed.
260 ## - PUBLICATION, DISTRIBUTION, ETC.
Place of publication, distribution, etc. New York
Name of publisher, distributor, etc. Dover Publications Inc.
Date of publication, distribution, etc. 2012
300 ## - PHYSICAL DESCRIPTION
Extent pg449:
Dimensions 30cm.
653 ## - INDEX TERM--UNCONTROLLED
Uncontrolled term Arithmetic
653 ## - INDEX TERM--UNCONTROLLED
Uncontrolled term Mathematics
653 ## - INDEX TERM--UNCONTROLLED
Uncontrolled term Vector Spaces
653 ## - INDEX TERM--UNCONTROLLED
Uncontrolled term G- Mathematics
942 ## - ADDED ENTRY ELEMENTS (KOHA)
Source of classification or shelving scheme Dewey Decimal Classification
Koha item type Books
Holdings
Withdrawn status Lost status Source of classification or shelving scheme Damaged status Not for loan Collection Home library Current library Shelving location Date acquired Coded location qualifier Total checkouts Full call number Barcode Date last seen Copy number Price effective from Koha item type
            Dr. Suryya Kumar Bhuyan Library Dr. Suryya Kumar Bhuyan Library   19/07/2019 00000   513.83 Ho 789 T 1954/cu 14/01/2024 1 19/07/2019 Books

Designed and Maintained by Team SKBL
©1901-2026

Powered by Koha